| 000 | 00585nam a2200193Ia 4500 | ||
|---|---|---|---|
| 005 | 20260429112129.0 | ||
| 008 | 260429s9999||||xx |||||||||||||| ||und|| | ||
| 020 | _a9781484295731 | ||
| 041 | _aEnglish | ||
| 082 |
_a006.76 _bZAM |
||
| 100 | _aZammetti, Frank | ||
| 245 | 0 |
_aModern full-stack development : _busing TypeScript, React, Node.js, Webpack, Python, Django, and Docker / _cFrank Zammetti |
|
| 250 | _a2nd ed. | ||
| 260 |
_aNew York : _bApress, _c2025. |
||
| 300 | _axxiv, 501 p.; pbk | ||
| 650 | _a computer programs | ||
| 650 | _aFull-Stack development | ||
| 942 | _cTB | ||
| 999 |
_c52508 _d52508 |
||